01250nab a2200337 a 450000100060000000300080000600500170001400600190003100700150005000800410006502200140010603500210012004000260014105000220016708000080018908200140019710000340021122200620024524501030030726000440041030000120045431000100046636200180047653301640049465000590065865000650071765500320078271000190081485600620083399900170089544070FlNmELB20241216222158.0m o d | cr cn|||||||||201105r2007 ck |||||s|||||||||||spa d a1657-7558 a(OCoLC)955426669 aFlNmELBbspacFlNmELB 4aJX1308bM353 2007 a32704a327.12221 aMarín Aranguren, Margarita. 0aObservatorio de análisis de los sitemas internacionales13aLa sociedad civil global como agente decisorio en política internacionalh[recurso electronico]. aBogotá, Colombia :bRed Oasis,c2007. a1-28 p. aAnual0 aNo. 12(2007)- aRecurso electrónico. Santa Fe, Arg.: e-libro, 2015. Disponible vía World Wide Web. El acceso puede estar limitado para las bibliotecas afiliadas a e-libro. 4aPolitical Science.xInternational relations.xGeneral. 4aCiencias políticas.xRelaciones internacionales.xGeneral. 4aArtículos electrónicos.2 ae-libro, Corp.40uhttps://elibro.net/ereader/politecnicointernacional/22862 c44070d44070